000 00846nam a2200265 a 4500
001 26204
003 CO-ViMGA
005 20230915232150.0
008 141112s2004 ck r 000 u spa d
020 _a8428320934
035 _aAEZ2556 LA
040 _aCO-ViMGA
_bspa
_cCO-ViMGA
041 _aspa
082 0 4 _a621.31 A52e
100 1 _aAlcalde San Miguel, Pablo.
_940895
245 1 0 _aElectrotecnia /
_cPablo Alcalde S. Miguel.
260 _aMadrid :
_bEditorial Paraninfo,
_c1994.
300 _axxiii, 510 p. : il. ; 24 cm.
490 _aRenovación tecnológica
504 _aIncluye Bibligrafía.
650 1 4 _aElectricidad.
942 _2ddc
_cBK
949 _an n
999 _c33394
_d33394